Регионална библиотека "Любен Каравелов" - Русе

Неволята | Който не работи, не трябва да яде (Запис номер 81104)

MARC детайли
000 -Лидер
Контролно поле с фиксирана дължина 01223nam a2200361 a 4500
003 - Код на организацията, давaща контролен номер
Контролно поле BLK
005 - Дата и час на последна редакция
Контролно поле 20230614162208.0
008 - Елементи от данни с фиксирана дължина
fixed length control field 180408b bul|||||r ||||||| ||bul||
010 ## - Наследен системен номер
LC control number KNG00085599000
020 ## - Международен стандартен номер на книга ISBN
Международен стандартен номер на книга ISBN 978-954-579-700-2
040 ## - Източник на каталожния запис
Идентификатор на билиотеката - собственик на записа BLK
041 ## - Код за език
Код за езика на текст/звукозапис или на отделно заглавие Български
Код за езика КДБФ Български
080 ## - УДК
Текстов определител УДК Българска литература
УДК код - определител по УДК 821.163.2
УДК определител -93-91
УДК - код + определител 821.163.2-93-91
139 ## - Редно поле
Редна дума Неволята
Авторски знак Нево - Н 40
245 10 - Сведения за заглавието
Заглавие Неволята
Редно поле (дума) преразк. Катерина Милушева; ил. Катерина Милушева.
245 10 - Сведения за заглавието
Заглавие Който не работи, не трябва да яде
257 ## - Страна на издаване
Страна на създаване/издаване България
260 ## - Област на издателските данни
Име на издателя, разпространителя и проч. Славена
Година на издаване 2007
Място на издаване, разпространение и проч. Варна
300 ## - Физическа характеристика
Страници 16 с.
Илюстрации и др. с цв. ил.
Размери/Мащаб 33 см
380 ## - Жанр
Жанр Детска худож. лит.
490 ## - СЕРИИ (Колекции)
Име на серия Български народни приказки
9 (RLIN) 202142
500 ## - Общи забележки
Забележка Кор. опис.
700 1# - Други автори (авторска отговорност)
Лично име Милушева, Катерина
Автороска отговорност (Описва отношението между автора и произведението) преразк.
9 (RLIN) 371188
700 1# - Други автори (авторска отговорност)
Лично име Милушева, Катерина
Автороска отговорност (Описва отношението между автора и произведението) ил.
9 (RLIN) 371188
852 ## - Местоположение
Форматна сигнатура Цб ІІ 15321
Фондова буква Хранилище
856 4# - Електронен адрес и достъп
Електронен формат pdf - файл
856 4# - Електронен адрес и достъп
Електронен формат pdf - файл
999 ## - СИСТЕМНИ КОНТРОЛНИ НОМЕРА
Koha biblionumber 81104
Koha biblioitemnumber 81104
942 ## - АРТИКУЛИ
Вид на библиотечния материал Книги
Скрит в OPAC Не
Koha issues (borrowed), all copies 3
Периодичен библиозапис Да
944 ## - СЪЗДАВАНЕ И РЕДАКЦИЯ на ЗАПИСА
Създаване/Редакция Създаване
Дата на регистрацията/редакция 12.09.2008
Служител, извършил регистрацията/редакцията Милена_Ачева
944 ## - СЪЗДАВАНЕ И РЕДАКЦИЯ на ЗАПИСА
Създаване/Редакция Редакция
Дата на регистрацията/редакция 12.12.2008
999 ## - СИСТЕМНИ КОНТРОЛНИ НОМЕРА
Koha biblioitemnumber 81104
999 ## - СИСТЕМНИ КОНТРОЛНИ НОМЕРА
Koha biblioitemnumber 81104
Наличности
Код за отписване Код за изгубен артикул Източник на класификационната схема Код за повреда Коз за рестрикции Код за отдаване Артикулен № Име на библиотеката - собственик Име на библиотеката, в която се намира в момента Статус (Текущо местоположение) Дата на вписване в системата Местоположение - отдел Цена в лева Инвентарен номер Систематично азбучна сигнатура Баркод Номер на екземпляра Цена в евро Служебна бележка Служебен тип на артикула
  Не е изгубен Universal Decimal Classification Не е повреден само за читалня ползва се в читалня 131385 Регионална библиотека "Любен Каравелов" Русе Регионална библиотека "Любен Каравелов" Русе Хранилище 2008-09-10 Хранилище 2.00 120000729014 Цб ІІ 15321 120000729014 1 1.02 Дост: Dp Вид: Д N: 25 Дата: 04.06.2008 Книги
  Не е изгубен Universal Decimal Classification Не е повреден без рестрикции заемане за дома 729737 Регионална библиотека "Любен Каравелов" Русе Регионална библиотека "Любен Каравелов" Русе Детски отдел 2019-07-10 Детски отдел 2.00   ДХ 886.7/Н 40 120000833467   1.02   Книги
Vip Innovations Ltd, Rousse, Bulgaria 2025